| 000 | 00350nam a2200133Ia 4500 | ||
|---|---|---|---|
| 008 | 210210b1992 xxu||||| |||| 00| 0 eng d | ||
| 082 | _a351.3 FRAH | ||
| 100 | _aFRANCIS (S R S). | ||
| 245 | _aHow to become an IAS/IPS officer. | ||
| 260 |
_aMadras _bPremier Publishing Co. _c1992 |
||
| 300 | _aix,337 | ||
| 690 | _aGeneral Knowledge | ||
| 906 | _a046825 | ||
| 999 |
_c95942 _d95942 |
||